| 000 | 01266pam a2200349 i 4500 | ||
|---|---|---|---|
| 999 |
_c1976 _d1976 |
||
| 001 | 017434143 | ||
| 003 | Uk | ||
| 005 | 20230222095015.0 | ||
| 008 | 150515s2015 xxka j 000|1|eng|d | ||
| 015 |
_aGBB587706 _2bnb |
||
| 016 | 7 |
_a017434143 _2Uk |
|
| 020 | _a9780141362205 (pbk.) : | ||
| 040 |
_aStDuBDS _beng _cStDuBDS _dUk _dKH8 _erda |
||
| 042 | _aukblcatcopy | ||
| 082 | 0 | 4 |
_a823.92 WAL _223 |
| 100 | 1 |
_aWalser, David, _eauthor. |
|
| 245 | 1 | 0 |
_aMeg and the dragon / _cJan Pieńkowski and David Walser ; based on characters created by Helen Nicoll and Jan Pieńkowski. |
| 264 | 1 |
_aUK : _bPuffin Books, _c2015. |
|
| 300 |
_a30 unnumbered pages : _bchiefly illustrations (colour) ; _c25 cm |
||
| 336 |
_atext _2rdacontent |
||
| 336 |
_astill image _2rdacontent |
||
| 337 |
_aunmediated _2rdamedia |
||
| 338 |
_avolume _2rdacarrier |
||
| 500 |
_aFormerly CIP. _5Uk |
||
| 600 | 0 | 0 |
_aMeg _c(Fictitious character from Nicoll) _vPictorial works _vJuvenile fiction. |
| 600 | 0 | 0 |
_aMog _c(Fictitious character from Nicoll) _vPictorial works _vJuvenile fiction. |
| 650 | 0 |
_aWitches _vPictorial works _vJuvenile fiction. |
|
| 655 | 7 |
_aChildren's stories _vPictorial works. _2gsafd |
|
| 700 | 1 |
_aPieńkowski, Jan, _eartist. |
|
| 700 | 1 | _aNicoll, Helen. | |
| 942 |
_2ddc _cNFIC |
||